000 00834cam a22002291 4500
001 af 48003975
003 DLC
005 20260227110905.0
008 900205s1942 be 000 0 dut c
010 _aaf 48003975
035 _a(OCoLC)21003546
040 _aCalifornia. Univ. Libr.
_cCU
_dDLC
042 _apremarc
050 0 0 _aPF117
_b.B6 1942
245 0 0 _aBonte verhalen.
250 _a2. druk.
260 _aAntwerpen,
_bDe Sikkel,
_c1942.
300 _a47 p.
_c21 cm.
440 0 _aLectuur in Basis-Nederlandsch,
_v1
505 0 _aDe zaak Van Bottel, naar Tony Bergmann.--Het arme vrouwtje, naar Multatuli.--De burgers van Aken en de duivel, naar V. Hugo.--Peter Simpel en de kapitein, naar Marryat.--Van hemel en hel, naar Volkmann-Leander.--De dichter en zijn vriend, naar M. v. Bulow.
650 0 _aBasic Dutch
_xTexts.
999 _c5856
_d5856